ABC, CBS, FOX or NBC? Quiz Stats

 Plays Quiz Updated Sep 30, 2013

Also try: Channel Surfing
Challenge
Share
Tweet
Embed
Score 0/46 Timer 04:00
1 Play Today
TV Show (A)BC (C)BS (F)OX or (N)BC? % Correct
The Simpsons???
84.5%
Family Guy???
83.3%
Saturday Night Live???
81%
Desperate Housewives???
77.8%
30 Rock???
77.6%
Glee???
76.8%
House???
76%
The Office???
75.9%
CSI???
75.2%
Cops???
74.7%
Two And A Half Men???
74.1%
Dancing with the Stars???
73.9%
Big Bang Theory???
73.8%
Extreme Makeover: Home Edition???
73.6%
Grey's Anatomy???
72.8%
How I Met Your Mother???
72.8%
NCIS???
72.6%
America's Funniest Home Videos???
72.4%
Modern Family???
71.4%
Hell's Kitchen???
70.9%
Community???
70.6%
60 Minutes???
70.6%
Bones???
67.7%
TV Show (A)BC (C)BS (F)OX or (N)BC? % Correct
Criminal Minds???
67.4%
The Amazing Race???
67%
America's Most Wanted???
66.5%
Big Brother???
66.4%
Law & Order: SVU???
66.1%
Fringe???
64.3%
The Mentalist???
63.6%
The Apprentice???
63.5%
Hawaii Five-0???
63.1%
Cougar Town???
62.2%
Chuck???
62.1%
Biggest Loser???
61.6%
20/20???
60.4%
Sunday Night Football???
59%
Castle???
55.3%
The Good Wife???
55%
Parenthood???
54.4%
Rules of Engagement???
52.5%
Lie to Me???
52.4%
America's Got Talent???
51.3%
Supernanny???
51.2%
Undercover Boss???
46.2%
Harry's Law???
45.8%

You're not logged in!

Compare scores with friends on all Sporcle quizzes.
Join for Free
OR
Log In

You Might Also Like...

Show Comments

Extras

Top Quizzes Today


Score Distribution

Your Account Isn't Verified!

In order to create a playlist on Sporcle, you need to verify the email address you used during registration. Go to your Sporcle Settings to finish the process.

Report this User

Report this user for behavior that violates our Community Guidelines.

Details: